Tafsir al-fatihah

Bibliographic Details
Main Author: Abdullah Yasin
Format: Book
Published: Kuala Lumpur : Nurin Enterprise , 1989
Subjects:

MARC

LEADER 00000cam a2200000 7i4500
001 0000004185
002 000004501
005 20000330.0
020 |a T000000346 
090 0 0 |a 297.1227   |b ABD 
100 0 |a Abdullah Yasin 
245 1 0 |a Tafsir al-fatihah   |c Abdullah Yasin 
260 |a Kuala Lumpur :   |b Nurin Enterprise ,   |c 1989 
300 |a 78 p. ;   |c 21 cm. 
650 0 0 |a Al-Fatihah (surah) 
999 |a 030200   |b BUKU   |c PINJAMAN   |e PERPUSTAKAAN KOMUNITI PETALING JAYA